Ulice w Gdańsku zaczynające się na Ł - Statystyki

Ogólne statystyki
  • Ten quiz został rozwiązany 13 razy
  • Średni wynik to 7 z 23
Statystyki odpowiedzi
Odpowiedź % Poprawnych
Łódzka
67%
Łagowska
50%
Łanowa
50%
Łapalicka
50%
Łapińska
50%
Łęczycka
50%
Łosia
50%
Łostowicka
50%
Łowicka
50%
Łużycka
50%
Łagiewniki
33%
Łucznicza
33%
Łukasiewicza
33%
Łyżwiarska
33%
Łąkowa
17%
Łamana
17%
Łęgi
17%
Łowców
17%
Łozy
17%
Łabędzia
0%
Łańcucka
0%
Ławnicza
0%
Łupaszko
0%
Nie znaleziono quizów pasujących do podanych kryteriów
Rozkład punktacji
Procent ludzi z każdym wynikiem
Percentyl według liczby udzielonych odpowiedzi
Twoja historia wyników
Nie rozwiązałeś tego quizu